00606nam a2200109Ia 4500008004100000245001700041300028200058650001600340856004900356999001900405952007200424170517s9999 xx 000 0 und d aGut Reaction aThe medical community has long professed the numerous risk factors associated with an unhealthy diet. The foods we eat can play a primary role in determining our vulnerability towards many potentially life-threatening conditions including obesity, high blood pressure, heart... xTechnology. uhttp://topdocumentaryfilms.com/gut-reaction/ c335043d335043 001040aCLbCLd2017-05-17l0r2017-05-17 00:00:00w2017-05-17yDF